01255nam a2200229 a 450000100060000000300090000600800410001504000280005608200140008410000260009824500250012426000310014930000080018050504840018859001120067265000180078465000390080265000190084194200120086099900170087295201360088922661CO-ViMGA141112s2004 ck r 000 u spa d aCO-ViMGAbspacCO-ViMGA04a345 F374j1 aFerri, Enrique93229510aJusticia y ley penal aBogotá : bLeyer, c2005 a181 aLa justicia penal : la noticia de un delito, El delito en la conciencia publica, Grecia, los primeros progresos, derecho romano, dercho germanico, derecho canonico, estatutos municipales 9 - 37 - - La ciencia penal : La escuela clasica, La escuela positiva, los neoclasicos, las varias ramas de la ciencia penal, 41 - 96 - - La ley penal : Origen y funcion penal, imperio absolutod de la ley penal, las formas de la ley penal, prerrogativas personales, la extradicion 105 - 183  aForma de adquisición : Compra - - Precio : 25000 - - Proveedor : Dismet - - Fecha de adquisición : 200814aDERECHO PENAL14aDERECHO PENAL - LEGISLACION94835314aJUSTICIA PENAL 2ddccBK c30961d30961 00102ddc40708002aMEVIECARbMEVIECARd2015-12-04h11/jun/2009l0o345 F374j p22661r2015-12-04 00:00:00tEj. 1w2015-12-04yBK